American Wars - Statistics

General Stats
  • This quiz has been taken 374 times
  • The average score is 7 of 11
Answer Stats
Years War % Correct
1774-1783 Revolutionary War
87%
1941-1945 World War II
81%
1812-1815 War of 1812
79%
1917-1918 World War I
79%
1861-1865 Civil War
77%
1947-1991 Cold War
72%
1990-1991 Gulf War
57%
1898 Spanish-American War
57%
2001-Present War on Terror
52%
1846-1848 Mexican-American War
48%
1798-1800 Franco-American War
14%
No matching quizzes found
Score Distribution
Percent of People with Each Score
Percentile by Number Answered
Your Score History
You have not taken this quiz